000 00620nam a2200217Ii 4500
001 5159
003 CO-ViMGA
008 241108s9999||||xx |||||||||||||| ||und||
020 _a9589516610
040 _aCO-ViMGA
_bspa
_erda
_cCO-ViMGA
041 0 _aunk
082 0 4 _a787 P977
100 1 _aDavid Puerta Zuluaga
_954116
245 1 0 _aLos caminos del tiple
264 1 _a[Lugar de publicación no identificado] : Ampdmel, 1988
300 _avolumen
336 _atext
_btxt
_2rdacontent
337 _aunmediated
_bn
_2rdamedia
338 _avolume
_bnc
_2rdacarrier
940 _aidficha_siabuc: 5027. -- ficha_no_siabuc:5159
999 _c50978
_d50978